[Event "Match 81__120'/40"]
[Site "Zürich"]
[Date "2025.??.??"]
[Round "48"]
[White "Fidelity Excel Mach III"]
[Black "Scorpio 68000 sel. 4"]
[Result "1-0"]
[Annotator "Utzinger,K"]
[WhiteElo "2020"]
[BlackElo "2043"]
[PlyCount "192"]
[EventDate "2025.??.??"]

{[%evp 0,192,26,17,17,11,11,9,18,5,4,0,3,6,6,16,4,3,36,12,16,20,26,-12,-7,-12,6,18,-8,-66,0,-56,-50,-84,-72,-124,-110,-132,-40,-120,-19,-57,-1,8,-1,-9,-9,-53,3,3,-18,-18,-13,-101,-2,-4,17,7,48,49,86,51,94,94,96,93,145,158,216,216,232,280,280,280,282,244,244,246,246,164,182,186,163,166,176,145,129,129,242,174,131,112,112,0,21,0,0,0,0,0,0,0,79,84,38,38,85,84,82,65,108,71,73,76,76,71,124,124,149,145,171,171,171,171,171,156,153,153,245,206,481,58,57,51,53,53,109,109,103,109,101,112,167,85,85,85,85,77,77,77,76,82,62,61,196,194,225,180,321,341,537,601,625,534,611,617,610,408,432,432,547,547,547,470,475,487,487,515,520,520,513,479,479,488,513,547,1032,557,567,567,735,735,25785,29966,29969]} 1. e4 e5 {Match 120'/40 | Bediener: Rolf Bühler | Kommentator: Kurt Utzinger | 48. Partie: Weiss (Mach III) gewinnt | Zwischenstand: 25,5-22,5 (53,1%) für Mach III | Stand hypothetisch: 26,5-21,5 (55,2%) für Mach III | Eröffnung: Zweispringerspiel 4.Sg5, Morphy, Bogoljubow Variante | Buchzüge: 11 von Scorpio 68000 sel.4 und 14 von Mach III | Partieverlauf: Fast wäre die Gambit Eröffnung von Schwarz aufgegangen. Die Partie ist weitgehend zu kompliziert und schwerlich fassbar für die beiden Kontrahenten, was insbesondere auch das Endspiel betrifft. So kann der Scorpio 68000 sel. 4 vier gewinnträchtige Möglichkeiten nicht nutzen. Dasselbe passiert dann aber auch dem Mach III, der erst den dritten Verlustzug des Gegners nach einigen Aufregungen in den vollen Punkt ummünzen kann. Mit diesem Sieg erreicht das Programm von Kathe & Dan Spracklen vorzeitig den Matchgewinn.} 2. Nf3 Nc6 3. Bc4 Nf6 4. Ng5 d5 5. exd5 Na5 6. Bb5+ c6 7. dxc6 bxc6 8. Qf3 Rb8 9. Bd3 h6 10. Ne4 Nd5 11. Ng3 g6 {***ENDE BUCH***} 12. O-O Bg7 13. Nc3 O-O 14. Be2 {***ENDE BUCH*** Bewertung: -/+ (-1.51) (7% +0% =15% -85%)  Depth: 50/81 und somit steht Schwarz klar besser.} Be6 $2 $15 {So geht der grösste Teil des schwarzen Vorteils verloren.} ({Rems M-091224-bmi2:} 14... h5 15. d4 exd4 16. Nxd5 cxd5 17. Bd3 Nc4 18. Re1 Bg4 19. Qf4 Qa5 20. Rf1 Nxb2 21. Bxb2 Rxb2 22. a4 Re8 23. h3 Bd7 24. Rfc1 Rb7 25. Rd1 Qd8 26. Rdb1 Qb8 27. Qxb8 Rexb8 28. Rxb7 Rxb7 29. a5 Kf8 30. Nf1 Ke7 31. Nh2 Kd6 32. a6 Rb2 33. Nf3 Bf5 34. Bxf5 gxf5 35. Rc1 Ra2 36. Nh4 Be5 37. Re1 f6 38. Nxf5+ Kc5 39. Rd1 Rxa6 40. g3 Ra4 41. f4 Bc7 42. Ng7 Kc4 43. Nxh5 {[%eval -151,50] [%wdl 0,146,854]}) 15. Nxd5 cxd5 $15 16. d3 $2 $17 {Mit 16.d4! hätte Weiss viel besser das gegnerische Zentrum angreifen sollen.} Nc6 {Hier war 16...f5 deutlich stärker.} {[#]} 17. c3 $2 $19 {[%mdl 32768] ***VERLUSTZUG*** gemäss den übermächtigen Engines. Notwendig war 17.De3, um 17...f5 mit 18.f4 beantworten zu können.} f5 {Der schwarze Stellungsvorteil ist überwältigend.} 18. Bd1 e4 $6 {Verpasst die viel stärkere Fortsetzung 18...f4.} (18... f4 19. Ne2 (19. Qe2 fxg3 $19) 19... e4 $1 20. dxe4 Ne5 $19 {und erobert die weisse Dame, die sich mit} 21. Qxf4 {opfern muss} Rxf4 22. Bxf4 dxe4 $17) 19. Qe2 $2 {Noch ungünstiger als 19.dxe4 usw.} Ne5 $2 $11 {Schwarz verdirbt damit seine gewonnene Stellung.} 20. dxe4 $2 $19 {[%mdl 32768] ***VERLUSTZUG***} (20. Bf4 $1 $11 {mit Entwicklung und Fesslung des Se5 lag doch auf der Hand und hätte ausgeglichen.}) 20... dxe4 $2 $11 {Umgehend ist aber auch Schwarz nicht auf der Höhe.} (20... f4 $1 21. exd5 Bxd5 22. Bb3 (22. Ne4 f3 $1 $19) 22... Bxb3 23. axb3 fxg3 24. hxg3 {und Weiss hat noch minimale Rettungschancen.}) 21. Bb3 $1 Qe7 22. Bxe6+ Qxe6 23. Rd1 $2 $19 {[%mdl 32768] ***VERLIERT*** wieder.} (23. Bf4 $15) 23... Rfd8 $2 $11 {Beide Programme sind in dieser Partiephase offenbar völlig überfordert. Der schwache Textzug erlaubt dem Anziehenden, sich wieder zu erholen.} (23... f4 $1 24. Nxe4 f3 $19 {und gewinnt}) 24. Rxd8+ Rxd8 25. Be3 Nc4 26. Bf4 $2 $19 {[%mdl 32768] Schlecht, da sich der Läufer freiwillig dem Angriff g6-g5 aussetzt. Sinnvolle Alternativen sind 26.h4 oder 26.Sf1.} Kh7 $2 $11 {Geht am möglichen Siegespfad vorbei.} ({Rems M-091224-bmi2:} 26... g5 {-1.87(1%)/41} 27. Nxf5 gxf4 28. Qg4 Qf6 29. Nxg7 Ne5 30. Qf5 Kxg7 31. Qxe4 Rd2 32. Re1 Rxb2 33. h3 Nf7 34. Re2 Rxe2 35. Qxe2 f3 36. Qe3 a6 37. gxf3 Ne5 38. f4 Ng6 39. Qa7+ Ne7 40. Qb7 Kf7 41. Qb3+ Qe6 42. c4 Ng6 43. Kh2 Nxf4 44. Qf3 Qf6 45. c5 Ne6 46. Qb7+ Kg6 47. Qxa6 Qxf2+ 48. Kh1 Qf3+ 49. Kh2 Qf4+ 50. Kh1 Qe4+ 51. Kh2 Kf5 52. c6 Qe5+ 53. Kh1 Qe1+ 54. Kh2 Qd2+ 55. Kh1 {[%eval -187,41] [%wdl 0,12,988]}) 27. b3 Nb6 {Jetzt wäre 27...g5 ein Fehler.} (27... g5 $2 28. Bxg5 $1 hxg5 29. bxc4 $18) 28. Rc1 g5 29. Bd2 $11 Qe5 $2 $16 {Nicht am besten, so dass der Vorteil nun an Weiss übergeht. Sowohl 29...Sd5 als auch 29...Sd7 sind besser und wahren den Ausgleich.} 30. Nh5 $6 $14 {Mit 30.c4! konnte Weiss seinen Vorteil festigen.} Bf8 $6 {Wenn Schwarz seinen Läufer behalten will, dann sollte er mit Lh8 auf der schönen Diagonale bleiben.} 31. Be3 {[#]} Bd6 $2 $18 {[%mdl 2] ***VERLIERT*** -2.70(100%)/52 Droht Matt, aber so etwas wie Widerstand hätte einzig 31...Sd5 geleistet.} (31... Nd5 32. Bd4 Qe6 {1.83(99%)/53}) (31... Qe6 32. c4 f4 33. Bxb6 axb6 34. Qxe4+ {2.55(100%)/53}) 32. Ng3 {Lädt zum verlockenden Vorstoss f5-f4 ein.} Ba3 (32... f4 $2 {würde wie folgt verlieren:} 33. Bd4 f3 34. gxf3 Qf4 (34... exf3 $4 35. Qc2+) 35. Qxe4+ Qxe4 36. fxe4 $18 {4.53(100%)/40}) (32... Qe6 33. Bxb6 axb6 34. Rd1 Rf8 35. Qb5 e3 36. Qxb6 exf2+ 37. Qxf2 $18 {und mit 2 weissen Mehrbauern ist der Partieausgang klar.}) 33. Re1 Rd7 34. Bd4 Qd5 35. Nh5 {droht Sf6+ mit Eroberung der Qualität.} Be7 36. g4 $1 {Damit wird die stark aussehende schwarze Bauernstruktur zerschlagen.} Nc8 (36... fxg4 37. Qxg4 $18 {und mit e4 wird ein zweiter Bauer fallen}) 37. gxf5 Nd6 38. f6 Bd8 39. Rd1 {Es geht noch besser.} (39. Ng3 Rf7 40. Rd1 Qe6 41. Bc5 Nb7 42. Bxa7 Bxf6 43. Qxe4+ Qxe4 44. Nxe4 $18) 39... Nf5 40. b4 $6 ({Stärker ist} 40. Ng3 Bxf6 41. Nxf5 Qxf5 42. Bxf6 Rxd1+ 43. Qxd1 Qxf6 44. Qd4 Qe7 45. c4 Kg6 46. Qd5 $18) 40... Kg8 41. h3 Nh4 42. Kf1 Rd6 43. Ng3 Qe6 44. Qxe4 Qxh3+ 45. Kg1 Qd7 46. Nh5 Re6 47. Qc2 Qb7 48. f7+ Qxf7 49. Qb3 Nf3+ 50. Kg2 Nh4+ 51. Kf1 Qf5 52. Be3 Bb6 53. Rd6 Qh3+ 54. Ke2 Qf3+ 55. Kd3 Qe4+ 56. Kd2 Bxe3+ 57. fxe3 Qg2+ (57... Kf7 58. Qxe6+ Qxe6 59. Rxe6 Kxe6 60. Kd3 Ng6 61. c4 Kf5 62. b5 Kg4 63. Ng7 Kh3 (63... Kf3 64. c5 $18) 64. c5 g4 65. Nh5 (65. Nf5 $2 h5 $11) 65... Kh4 66. Nf4 Nxf4+ 67. exf4 g3 68. Ke2 $1 Kh3 69. c6 g2 70. c7 g1=Q 71. c8=Q+ {und auch wenn das gemäss den Engines für Weiss gewonnen ist, kann mit einer schwarzen Dame auf dem Brett vielleicht noch ein Dauerschach möglich werden.}) 58. Kc1 Qg1+ 59. Kc2 Qf2+ (59... Qh2+ 60. Rd2 Qe5 61. Rd5 $18 {ändert nichts am schwarzen Untergang}) 60. Kb1 Qg1+ 61. Rd1 Qxe3 62. Qc2 Qb6 63. Rd7 Ng6 64. Qf5 Re7 65. Qd5+ $2 {Vermasselt den Sieg.} ({Rems M-091224-bmi2:} 65. Nf6+ {10.52(100%)/40} Kg7 66. Ne8+ Kg8 67. Rd6 Qg1+ (67... Qxd6 68. Nxd6 $18) 68. Kb2 Qh2+ 69. Kb3 Nf8 70. Qd5+ Rf7 71. Rf6 Qh5 72. Nd6 $18) 65... Qe6 66. Qxe6+ Rxe6 67. Rxa7 $14 Ne7 $2 $18 {[%mdl 2] ***VERLIERT*** Dieser passive Rückzug stürzt Schwarz wieder ins Elend. Aber ganz klar, das alles liegt weit ausserhalb der Rechenkraft von Scorpio 68000 sel. 4.} ({Nach} 67... Nf4 $1 $11 {kann Schwarz seine beiden Freibauern in die Waagschale werfen, was auch immer Weiss zieht.} 68. Ng3 ({oder} 68. Nxf4 gxf4 69. Ra5 Rf6 {und der gefährliche Freibauer stellt den Ausgleich sicher} 70. Rh5 f3 71. Rh1 f2 72. Rf1 h5 $11) 68... h5 $1 69. Ra5 (69. Nf5 h4 70. Rg7+ Kf8 71. Rxg5 Re5 72. Rg4 Rxf5 73. Rxh4 Nd5 74. Kb2 Rf4 75. Rxf4+ Nxf4 $11) 69... Rg6 70. Kc2 h4 71. Nf5 Kf7 72. Ne3 h3 73. Ng4 Rg8 74. a4 Kg6 75. Ra6+ Kf5 76. Nh6+ Ke5 77. Nxg8 g4 78. Ra5+ Ke6 79. Nh6 g3 80. Ng4 Nd5 81. c4 g2 82. cxd5+ Ke7 83. d6+ Kxd6 84. Rh5 g1=Q 85. Rxh3 Qg2+ 86. Nf2 Qxf2+ 87. Kb3 $11) 68. Kc2 Kf7 69. Ng3 Kg6 70. b5 {Die weissen Freibauern sind deutlich gefährlicher als die des Gegners.} Nc8 71. Rc7 Nb6 72. c4 h5 73. c5 Nd5 $18 74. Rc8 $2 $11 {In diesem schwierigen Endspiel, wo es auf jedes Tempo ankommt, greift der Mach III fehlt und verpasst den Sieg. Um das zu erkennen, reicht die beschränkte Rechentiefe unserer alten Schätze bei weitem nicht aus. Eine mögliche Gewinnvariante sieht wie folgt aus:} (74. Rd7 $1 Nf6 75. Rd1 Re5 (75... h4 76. b6 $18) 76. a4 Rxc5+ 77. Kb3 Rc7 78. a5 h4 79. Ne2 h3 80. a6 Nd7 81. Ng3 Kg7 82. Rd6 h2 83. Rd2 g4 84. Rxh2 Nb6 85. Rh4 Rc1 86. Rxg4+ {und gewinnt}) 74... h4 75. Rg8+ Kf7 76. Rxg5 Ne3+ $2 {[%mdl 2] Das ***VERLIERT***} (76... hxg3 $1 77. Rxg3 (77. Rxd5 g2 78. Rd1 Re5 79. a4 Rxc5+ 80. Kb3 Ke6 81. Kb4 Rg5 82. Rg1 Kd7 83. a5 Kc8 84. b6 Kb7 $11) 77... Re4 78. Rb3 Ke6 79. b6 Nb4+ 80. Kc3 Nc6 81. b7 Nb8 82. c6 Kd6 83. a4 Re3+ 84. Kc4 Rxb3 85. Kxb3 Kxc6 $11) 77. Kd3 hxg3 78. Rxg3 {[#] Materiell steht es gleich. Für die Figur hat Weiss drei verbundene Freibauern. Und diese sind riesenstark, so alles andere ein komfortabler Gewinn für Weiss eine grosse Überraschung wäre.} Nf5 79. Rf3 Re5 80. b6 Rd5+ 81. Kc3 Ke6 82. b7 Rd8 83. c6 {Auch 83.Txf5 oder 83.Kc4 gewinnen einfach.} Nd6 84. Re3+ Kd5 85. c7 {Rems M-091224 Rand Op MPV=4 meint: Matt in 22. Den vollen Punkt bringt der Mach III nun kinderleicht ins Trockene.} Nb5+ 86. Kb3 Nxc7 87. Rd3+ Kc6 88. Rxd8 Kxb7 89. Kb4 Na6+ 90. Ka5 Nc7 91. Rd6 Ne8 92. Rb6+ Kc7 93. Ka6 Nd6 94. a4 Nf5 95. a5 Ne7 96. Rb7+ Kd6 {***AUFGEGEBEN***} 1-0

[Event "Match 81__120'/40"]
[Site "Zürich"]
[Date "2025.??.??"]
[Round "49"]
[White "Scorpio 68000 sel. 4"]
[Black "Fidelity Excel Mach III"]
[Result "0-1"]
[Annotator "Utzinger,K"]
[WhiteElo "2043"]
[BlackElo "2020"]
[PlyCount "143"]
[EventDate "2025.??.??"]

{[%evp 0,143,25,16,25,12,63,63,63,49,57,11,16,46,31,26,34,47,54,47,81,64,76,71,86,77,43,26,102,76,62,34,38,-4,-2,-10,-25,-55,-33,-22,-37,-10,-3,-119,-110,-150,-119,-151,-104,-101,-125,-185,-188,-179,-187,-225,-110,-79,-102,-127,-135,-214,-199,-207,-229,-234,-253,-239,-245,-240,-240,-233,-250,-240,-261,-250,-252,-252,-260,-260,-246,-239,-256,-250,-187,-199,-205,-326,-247,-410,-422,-413,-355,-364,-370,-378,-386,-383,-390,-390,-376,-442,-454,-441,-400,-441,-462,-449,-461,-469,-474,-474,-467,-468,-481,-491,-491,-510,-515,-531,-543,-549,-547,-568,-568,-733,-759,-776,-653,-790,-832,-864,-886,-863,-945,-971,-939,-1113,-1012,-1062,-1234,-1252,-1325,-1044,-1967,-2097]} 1. e4 {Match 120'/40 | Bediener: Rolf Bühler | Kommentator: Kurt Utzinger | 49. Partie: Schwarz (Mach III) gewinnt | Zwischenstand: 26,5-22,5 (54%) für Mach III | Stand hypothetisch: 26,5-22,5 (54%) für Mach III | Eröffnung: Philidor Verteidigung, Nimzowitsch Variante 3...Sf6, Rellstab Variante 5.Dd5 | Buchzüge: 8 von Scorpio 68000 sel.4 und 11 von Mach III | Partieverlauf: Bereits mit 9...c6? rutscht der Mach III in eine trostlose Stellung gemäss den Engines. Im Mittelspiel zeigen beide Programme selten die besten Züge, was angesichts der komplexen Situationen nicht verwunderlich ist. Schliesslich ist es aber der Scorpio 68000 sel. 4, der entscheidend stolpert. Auf souveräne Art und Weise bringt der Mach III den Punkt nach Hause.} e5 (1... d6 2. d4 Nf6 3. Nc3 e5 4. Nf3 {ist heutzutage der übliche Umweg, wer die Philidor-Verteidigung spielt, weil die von Schwarz gewählte Zugfolge als nicht mehr ganz vollwertig, bzw. schwieriger zu spielen gilt.}) 2. Nf3 d6 3. d4 Nf6 {besser als 3...Sd7, die alte Hauptvariante} (3... Nd7 {hat keinen guten Ruf mehr und ein Score von 66.2% für Weiss in der ChessBase Online Datenbank.} 4. Bc4 {wobei die übermächtigen Engines nach} exd4 {(oder 4...c6) nur leichten Vorteil für Weiss sehen. In der praktischen Partie scheint es aber für Schwarz nicht ganz so einfach zu sein. Und solche Klippen werden heute vermieden. Für unsere alten Schätze sind das nicht erkennbare Feinheiten und spielen hier insofern keine Rolle, weil bis zum 11. Zug noch aus dem Buch gewählt wird.}) 4. dxe5 Nxe4 5. Qd5 Nc5 6. Bg5 Be7 (6... Qd7 {ist die moderne Wahl heute} 7. exd6 Bxd6 8. Nc3 Qe6+ 9. Be3 Qxd5 10. Nxd5 $14 {½- (53) ½ (53) Vasquez Schroder,R (2475)-Sarana,A (2682) Chess.com INT 2023}) 7. exd6 Qxd6 8. Nc3 {***ENDE BUCH***} h6 {Die Engines plädieren für 8...Dxd5 } 9. Be3 {+/- (1.20) (84%) Depth: 44/73} {[#]} c6 $2 $18 {[%mdl 2] ***VERLUSTZUG*** im höheren Sinne, der aber noch aus dem Buch kommt.} (9... Ne6 $2 {ist die beste Verteidigung} 10. O-O-O Qxd5 11. Nxd5 Bd8 12. Bc4 O-O 13. Rhe1 $16) 10. Qxd6 Bxd6 11. O-O-O {In dieser Stellung hat Weiss ein Score von 71.1%.} Be7 {***ENDE BUCH***} 12. Re1 $2 $14 {Ein schwacher Zug in dem Sinne, als Weiss mit 12.Lxc5! den Siegespfad hätte einschlagen können. Nach dem Textzug steht Weiss nur leicht besser.} ({PROMENADE-bmi2:} 12. Bxc5 {2.11(100%)/50} Bxc5 13. Bc4 O-O 14. Ne4 Bb6 15. Nd6 Bg4 16. Rhe1 Bxf2 17. Re7 Bxf3 18. gxf3 b5 19. Bxf7+ Kh8 20. Bg6 Bc5 21. Re6 a5 22. Nf5 Ra7 23. h4 Rd7 24. c3 Kg8 25. h5 a4 26. a3 Rxd1+ 27. Kxd1 Rc8 28. Re5 Na6 29. Kd2 Rd8+ 30. Kc2 Kf8 31. Re6 Rc8 32. Nd4 b4 33. Re4 Bxd4 34. Rxd4 b3+ 35. Kc1 Nc5 36. Rc4 Ne6 37. Rxa4 Ke7 38. Ra7+ Kd6 39. Kd2 Rb8 40. Rf7 Ng5 41. Rf4 Ne6 42. Rb4 Rf8 43. Rxb3 Rxf3 44. Rb4 Rf2+ 45. Kc1 Rf1+ 46. Kc2 Rf6 {[%eval 211,50] [%wdl 996,4,0]}) 12... Nba6 $2 $16 {Schwarz findet nicht die beste Verteidigung mit 12...Le6 oder 12...Se6.} 13. Bd4 $6 $14 {Aber auch Weiss findet nicht die beste Antwort mit 13.Sd4 usw.} ({PROMENADE-bmi2: 1)} 13. Nd4 {1.58(97%)/58} Bd7 14. a3 O-O 15. Bxh6 Rfe8 16. Bf4 b5 17. g3 b4 18. axb4 Nxb4 19. Bc4 Nb7 20. Nf3 Bf5 21. Ne5 Nd8 22. Ne4 a5 23. c3 Nd5 24. Nxc6 Nxf4 25. Nxe7+ Rxe7 26. Nd6 Be6 27. gxf4 Rd7 28. f5 Rxd6 29. fxe6 Nxe6 30. Re5 Kf8 31. Kc2 g6 32. Bxe6 fxe6 33. Ra1 Rad8 34. Re2 Rd5 35. Ra4 Ke7 36. Rae4 R8d6 37. Kb3 Rb6+ 38. Ka2 Kf6 39. Rf4+ Ke7 40. h4 Rbd6 41. Rfe4 Kf6 42. Ka3 Rb6 43. Rf4+ Ke7 44. Rc4 Rd1 45. Ka2 Kf6 46. Rf4+ Ke7 47. Rfe4 Kf6 {[%eval 158,58] [%wdl 945,55,0]}) 13... Rh7 $6 {Am besten war es, den Turm nach g8 zu stellen, denn auf h7 ist er schlecht postiert. Weiss sollte nun wieder klar besser stehen kommen.} 14. b4 $6 {Stärker sind 14.a3 oder 14.h4, aber mit Varianten jenseits von Gut und Böse für unsere Oldies. Nach dem Textzug kann sich Schwarz noch genügend verteidigen.} Ne6 15. Bd3 $6 {Das gibt einzig dem Gegner die Möglichkeit, seinen doof stehenden Turm besser aufzustellen.} Rh8 16. Bxa6 bxa6 $11 {In der Zwischenzeit hat sich der weisse Vorteil in Luft aufgelöst.} 17. Re4 {Leitet eine Abwicklung ein, bei der einiges Holz verschwindet.} Bxb4 {Auch gut sind 17...a5 oder 17...Tb8.} 18. Bxg7 Ba3+ 19. Kd1 Rg8 20. Bxh6 Rxg2 $11 21. Re2 Bb7 22. Nh4 {Springer am Rand ist eine Schand, hier aber mit Aussicht auf das Feld f5 gerade noch akzeptabel.} Rd8+ 23. Bd2 Rg4 24. Re4 $1 {Alles andere ist schlecht.} (24. Nf5 $2 c5 {und was Weiss auch spielt, verliert die Qualität} 25. Rhe1 Bf3 $19 {und Schwarz gewinnt}) (24. Nf3 $2 c5 25. Ne5 Bxh1 26. Nxg4 Bf3 $19) (24. f4 $2 Rxh4 25. f5 Bb4 26. fxe6 Bxc3 27. exf7+ Kxf7 $19) 24... Rg8 {Droht durch ...c5 zu gewinnen.} {[#]} 25. f3 $2 $19 {[%mdl 32768] ***VERLUSTZUG*** Nach 25.The1 oder 25.Te3 wäre alles im Lot. Diese beiden Fortsetzungen hat der Scorpio 68000 sel. 4 leider nur kurze Zeit erwogen und wieder verworfen. Die starke Antwort 25...Le7 hatte Schwarz nie auf dem Schirm.} (25. Re2 c5 26. Ne4 Kf8 27. f3 Bxe4 (27... Nf4 $2) 28. fxe4 c4) 25... Be7 $1 26. Kc1 {Bewertung Scorpio 68000 sel. 4: -00.96, Tiefe d09 28-29 (c5)} c5 27. Ra4 {Nur -00.89 meint Scorpio in Erwartung der schlechten Antwort seines Gegners.} Rh8 $2 $11 {Schlecht, bzw. rutscht von seiner Gewinnstellung in den Ausgleich.} (27... Nd4 $1 $19 {hätte den Sack zugemacht. Gibt man diesen Zug dem Scorpio ein, erkennt er das Disaster mit -01.72, weil er nach} 28. Re1 Kd7 {gezwungen ist zu} 29. Rxe7+ Kxe7 $19) 28. Nf5 {Was sonst: der doppelt angegriffene Springer muss den Schutz des Bauern f3 aufgeben. Aber trotzdem bleibt die Stellung ausgeglichen.} Bxf3 29. Rg1 Rxh2 {Es sieht böse aus um Weiss mit seinen zwei Bauern weniger. Doch der Schein trügt, weil die schwarzen Bauern schwach sind und der weisse König eine aktive Rolle spielen kann.} {[#]} 30. Rg8+ $2 {[%mdl 32768] Logisch für einen Oldie, aber falsch und ***VERLIERT*** wieder. Unsere Schätze würden wohl nach einer Woche Rechenzeit noch falsch liegen.} (30. Bf4 $1 Nxf4 31. Rxf4 Rh1 32. Rxh1 Bxh1 33. Nxe7 Kxe7 34. Rf5 c4 35. Rf4 Rc8 36. Kd2 Ke6 37. Ke3 f5 38. Rh4 Ba8 (38... Bb7 39. Kf4 Rf8 40. Rh7 $11) 39. Kf4 Rf8 (39... Kd6 40. Rh6+ Kc5 41. Rxa6 $11) 40. Rh7 Bc6 41. Rxa7 Ra8 42. Rxa8 Bxa8 43. a3 Bc6 44. Ne2 Be4 45. Nd4+ Kf6 46. c3 Bb1 (46... a5 47. Nb5 Bd3 48. Nd6 Ke6 49. Nb7 Be4 50. Nc5+ Kd5 51. Nxe4 fxe4 52. a4 e3 53. Kxe3 $11) 47. Nc6 Ke6 48. Nb8 Be4 49. Nxa6 Kd6 50. a4 Kc6 51. Ke5 Kb6 52. Nb4 Ka5 53. Nd5 Bxd5 54. Kxd5 Kxa4 55. Kxc4 f4 56. Kd3 Kb3 57. Ke4 Kxc3 58. Kxf4) 30... Bf8 31. Bh6 Rh1+ 32. Kb2 Rb8+ 33. Ka3 {[#]} Rxh6 $1 {Erstaunlich, dass der Mach III diese Bombe gefunden hat. Und das bereits auf Suchtiefe 6 mit einer Bewertung von 1.94. Zur Ehrenrettung des Scorpio 68000 sel. 4 muss erwähnt werden, dass auch er diese Bombe wählen würde, und das bereits bei Suchtiefe 5.} 34. Nxh6 Nd4 $1 {Droht ...Sxc2 Matt. Der Mach III sieht sich bereits mit 2.82 im Plus.} 35. Rc4 {Noch am besten, weil dem weissen König das Feld a4 freigemacht wird.} Bc6 {Droht erneut Matt auf c2.} 36. Nd1 {erzwungen} Nb5+ {Mach III: 3.44 Schwarz gewinnt das investierte Material mit Zinsen zurück.} 37. Kb2 Nd6+ 38. Kc3 Nxc4 {Nun besitzt Schwarz ein Plus von Läufer und 2 Bauern. Der Rest ist Schweigen.} 39. Kxc4 Bd7 40. Kc3 Rb6 41. Ng4 Be6 42. Nf6+ Ke7 43. a4 Rb4 44. Nh7 Bh6 45. Ng5 Rc4+ 46. Kb2 Rg4 47. Nxe6 Rxg8 48. Nxc5 Rb8+ 49. Nb3 f5 50. Kc3 Rd8 51. Nf2 Bg5 52. Kb4 Bd2+ 53. Kc4 Be3 54. Nd3 Rc8+ 55. Kd5 Rxc2 56. Na5 Rd2 57. Nc6+ Kf6 58. Kc4 f4 59. Nce5 Kf5 60. Nf3 Rc2+ 61. Kb3 Rc8 62. Kb4 Ke4 63. Nde1 Rb8+ 64. Ka5 Rb6 65. Ng5+ Kd5 66. Ngf3 Bc5 67. Nc2 Kc4 68. Ne5+ Kb3 69. Nd7 Rc6 70. Ne5 Rd6 71. Na1+ Kc3 72. Nc2 {***AUFGEGEBEN***} 0-1